8 Planets Quiz - Statistics

General Stats
  • This quiz has been taken 61 times
  • The average score is 7 of 8
Answer Stats
Picture Answer % Correct
Jupiter
93%
Mars
93%
Saturn
93%
Venus
93%
Mercury
91%
Uranus
91%
Earth
89%
Neptune
89%
No matching quizzes found
Score Distribution
Percent of People with Each Score
Percentile by Number Answered
Your Score History
You have not taken this quiz